MARC details
| 000 -LEADER |
| fixed length control field |
02966cam a22005654a 4500 |
| 001 - CONTROL NUMBER |
| control field |
muse24332 |
| 003 - CONTROL NUMBER IDENTIFIER |
| control field |
MdBmJHUP |
| 005 - DATE AND TIME OF LATEST TRANSACTION |
| control field |
20210127151009.0 |
| 006 - FIXED-LENGTH DATA ELEMENTS--ADDITIONAL MATERIAL CHARACTERISTICS |
| fixed length control field |
m o d |
| 007 - PHYSICAL DESCRIPTION FIXED FIELD--GENERAL INFORMATION |
| fixed length control field |
cr||||||||nn|n |
| 008 - FIXED-LENGTH DATA ELEMENTS--GENERAL INFORMATION |
| fixed length control field |
130418r20132010enk o 00 0 eng d |
| 020 ## - INTERNATIONAL STANDARD BOOK NUMBER |
| International Standard Book Number |
9781920489779 |
| 020 ## - INTERNATIONAL STANDARD BOOK NUMBER |
| Canceled/invalid ISBN |
9781920489755 |
| 020 ## - INTERNATIONAL STANDARD BOOK NUMBER |
| Canceled/invalid ISBN |
9781920355241 |
| 035 ## - SYSTEM CONTROL NUMBER |
| System control number |
(OCoLC)867796840 |
| 040 ## - CATALOGING SOURCE |
| Original cataloging agency |
MdBmJHUP |
| Transcribing agency |
MdBmJHUP |
| 050 #4 - LIBRARY OF CONGRESS CALL NUMBER |
| Classification number |
JZ5334.5.A35 |
| Item number |
C357 2010 |
| 100 1# - MAIN ENTRY--PERSONAL NAME |
| Personal name |
Chitiga, Rudo. |
| 245 10 - TITLE STATEMENT |
| Title |
Strengthening Popular Participation in the African Union |
| Remainder of title |
A Guide to AU Structures and Processes |
| 250 ## - EDITION STATEMENT |
| Edition statement |
2nd imp. with minor corrections. |
| 264 #1 - PRODUCTION, PUBLICATION, DISTRIBUTION, MANUFACTURE, AND COPYRIGHT NOTICE |
| Name of producer, publisher, distributor, manufacturer |
Distributed by African Minds, |
| 264 #3 - PRODUCTION, PUBLICATION, DISTRIBUTION, MANUFACTURE, AND COPYRIGHT NOTICE |
| Name of producer, publisher, distributor, manufacturer |
Project MUSE, |
| 300 ## - PHYSICAL DESCRIPTION |
| Extent |
1 online resource (1 electronic text vi, 66 p.) : |
| Other physical details |
map, digital file. |
| 500 ## - GENERAL NOTE |
| General note |
"Researched and written by Rudo Chitiga ... and Bronwen Manby"--P. v. |
| 500 ## - GENERAL NOTE |
| General note |
Issued as part of book collections on Project MUSE. |
| 505 0# - FORMATTED CONTENTS NOTE |
| Formatted contents note |
Introduction : the purpose of this guide -- AU organs & institutions -- Influencing AU decisions & policies -- The union government debate -- Appendix 1. AU regions -- Appendix 2. Regional economic communities recognised by the African Union -- Appendix 3. Useful websites and contacts. |
| 506 0# - RESTRICTIONS ON ACCESS NOTE |
| Terms governing access |
Open Access |
| Standardized terminology for access restriction |
Unrestricted online access |
| Source of term |
star |
| 520 ## - SUMMARY, ETC. |
| Summary, etc. |
The African Union (AU) has committed to a vision of Africa that is 'integrated, prosperous and peaceful - driven by its own citizens, a dynamic force in the global arena' (Vision and Mission of the African Union, May 2004). This guide is an effort to take up the challenge of achieving this vision. It is a tool to assist activists to engage with AU policies and programmes. It describes the AU decision-making process and outlines the roles and responsibilities of the AU institutions. It also contains a sampling of the experiences of those non-governmental organisations (NGOs) that have interacted with the AU. |
| 588 ## - SOURCE OF DESCRIPTION NOTE |
| Source of description note |
Description based on print version record. |
| 610 20 - SUBJECT ADDED ENTRY--CORPORATE NAME |
| Corporate name or jurisdiction name as entry element |
African Union. |
| 651 #0 - SUBJECT ADDED ENTRY--GEOGRAPHIC NAME |
| Geographic name |
Africa |
| General subdivision |
Politics and government. |
| 650 #0 - SUBJECT ADDED ENTRY--TOPICAL TERM |
| Topical term or geographic name entry element |
Non-governmental organizations |
| Geographic subdivision |
Africa. |
| 655 #0 - INDEX TERM--GENRE/FORM |
| Genre/form data or focus term |
Electronic books. |
| 655 #7 - INDEX TERM--GENRE/FORM |
| Genre/form data or focus term |
Electronic books. |
| Source of term |
local |
| 700 1# - ADDED ENTRY--PERSONAL NAME |
| Personal name |
Manby, Bronwen. |
| 710 2# - ADDED ENTRY--CORPORATE NAME |
| Corporate name or jurisdiction name as entry element |
AfriMAP. |
| 710 2# - ADDED ENTRY--CORPORATE NAME |
| Corporate name or jurisdiction name as entry element |
Oxfam. |
| 710 2# - ADDED ENTRY--CORPORATE NAME |
| Corporate name or jurisdiction name as entry element |
Project Muse. |
| 776 18 - ADDITIONAL PHYSICAL FORM ENTRY |
| Relationship information |
Print version: |
| International Standard Book Number |
1920355243 |
| -- |
9781920355241 |
| 710 2# - ADDED ENTRY--CORPORATE NAME |
| Corporate name or jurisdiction name as entry element |
Project Muse. |
| Relator term |
distributor |
| 830 #0 - SERIES ADDED ENTRY--UNIFORM TITLE |
| Uniform title |
Book collections on Project MUSE. |
| 856 40 - ELECTRONIC LOCATION AND ACCESS |
| Public note |
Full text available: |
| Uniform Resource Identifier |
<a href="https://muse.jhu.edu/book/18252/">https://muse.jhu.edu/book/18252/</a> |
| 945 ## - LOCAL PROCESSING INFORMATION (OCLC) |
| a |
Project MUSE - Archive Complete Supplement |
| 945 ## - LOCAL PROCESSING INFORMATION (OCLC) |
| a |
Project MUSE - Archive African Studies Foundation |
| 945 ## - LOCAL PROCESSING INFORMATION (OCLC) |
| a |
Project MUSE - Archive Political Science and Policy Studies Supplement |